000 00438nam a2200181Ia 4500
005 20250423095039.0
008 250422s9999 xx 000 0 und d
020 _a9788178801766
050 _aHF 5415 .M58/
100 _aMittal, R. K.
245 0 _aDictionary of marketing
260 _aNew Delhi
260 _bRajat Publications
260 _c2020
300 _a236 p
650 _a Marketing--Dictionaries.
942 _cBK
999 _c29079
_d29079